Dediči posmrtnej ríše

Bibliographic Details
Main Author: Madro, Dominika, 1990-2024 (Author)
Other Authors: Lacko, Martin, 1976- (Illustrator)
Format: Book
Language:Slovak
PhysicalDescription:327 strán ilustrácie 21 cm
Published: Žilina Artis Omnis 2021
ISBN:9788082011350
Edition:Prvé vydanie
Series:Margo
Subjects:

MARC

LEADER 00000cam a2200000 4500
001 vtls012128326
003 SK-MaSNL
005 20260301055342.0
008 220324s2021 xo a g 010 f slo
015 |a SNBA2023/07 
020 |a 9788082011350  |q (viazané) 
040 |a SNK  |b slo  |c SNK  |e rda 
041 0 |a slo 
044 |a xo  |c SK 
072 7 |a 821.162.4-3  |x Slovenská próza  |2 konspekt 
080 |a 821.162.4-31  |2 2011 
080 |a (0:82-312.9)  |2 2011 
100 1 |a Madro, Dominika,  |d 1990-2024  |4 aut  |9 203669 
245 1 0 |a Dediči posmrtnej ríše  |c Dominika Madro 
250 |a Prvé vydanie 
264 1 |a Žilina  |b Artis Omnis  |c 2021 
300 |a 327 strán  |b ilustrácie  |c 21 cm 
336 |a text  |b txt  |2 rdacontent 
337 |a bez média  |b n  |2 rdamedia 
338 |a zväzok  |b nc  |2 rdacarrier 
490 1 |a Margo 
500 |a Obsahuje stručné biografické údaje o autorke 
655 7 |a slovenské romány  |2 SNKPH  |9 70324 
655 7 |a fantasy romány  |2 SNKPH  |9 121434 
655 7 |a Slovak fiction  |2 SNKPHeng  |9 277096 
655 7 |a Fantasy novels  |2 SNKPHeng  |9 248525 
700 1 |a Lacko, Martin,  |d 1976-  |4 ill  |9 97711 
830 0 |a Margo  |9 302545 
852 |a Slovenská národná knižnica 
919 |a 978-80-8201-135-0 
954 |a beletria cudzojazyčná (svetová)  |2 lita 
958 |a LX 
999 |c 613161  |d 615091 
952 |a SNK  |b SNK  |y PREZ  |7 0  |p 17A1518601  |o snkSC 200768  |i snk2023/2293  |8 0  |0 0  |1 0  |4 0  |d 2023-02-07  |l 0  |r 2025-10-23 00:00:00  |w 2026-02-23 
952 |a SNK  |b SNK  |y VYP  |7 0  |p 17A1518602  |o snkSC 200768 D1  |i snk2023/2294  |8 0  |0 0  |1 0  |4 0  |d 2023-02-07  |l 0  |r 2026-02-23 16:29:34  |w 2026-02-23